000 00328nam a2200133Ia 4500
005 20260328104345.0
008 260328s9999||||xx |||||||||||||| ||und||
100 _aVarious
245 0 _aBiblioteca Atrium de la Construcción /
_cVarious
260 _bOcéano/Centrum
300 _a148 p.
650 _aESCALERAS
942 _cREF
999 _c12282
_d12282